| 000 | 01068nam a2200301Ia 4500 | ||
|---|---|---|---|
| 001 | 92576 | ||
| 003 | IT-RoPAU | ||
| 008 | 130308s9999 xx 000 0 und d | ||
| 040 | _aIT-RoPAU | ||
| 040 | _cIT-RoPAU | ||
| 041 | _aSPAGNOLO | ||
| 100 | _aHall Carl W. | ||
| 100 | _gCodice Aut. SPICS: 32515 | ||
| 245 | _aAlgunos aspectos del sistema ciencia-tecnologia-industria en los Estados Unidos | ||
| 245 | _bPaises Industrializados Ante Las nuevas tecnologias (Los)-2-Experiencias tecnologicas e Impactos Economicos Y Sociales | ||
| 250 | _a1a ed. | ||
| 260 | _aMADRID | ||
| 260 | _bFundesco | ||
| 260 | _c1986 [1° Ed.:1986 - Ed.Ling.Originale:1986] | ||
| 300 | _a"17 p. (prefazione: no ; testo: 17 [pagine: 69-85])" | ||
| 500 | _aAlcuni Aspetti del Sistema Scienza tecnologia Industria Negli Stati Uniti fondazione Nazionale per la Scienza ingegneria collaborazione Industria Universita' | ||
| 650 | _aPOLITICA DELLA COMUNICAZIONE SOCIALE | ||
| 650 | _eCodice materia Spics: 3803 | ||
| 942 | _cBK | ||
| 957 | _71 | ||
| 999 |
_c43672 _d43672 |
||
| 999 | _bSI | ||
| 999 | _g1 | ||